"Cuentos Judíos de mi Tierra": o el viaje interminable de la identidad versus la alteridad

Tallennettuna:
Bibliografiset tiedot
Päätekijä: Barahona Novoa, José Alberto
Aineistotyyppi: Kirja
Kieli:Undetermined
Julkaistu: San José, Costa Rica Escuela de Filología, Lingüística y Literatura,Universidad de Costa Rica 1992
Aiheet:
Tagit: Lisää tagi
Ei tageja, Lisää ensimmäinen tagi!

MARC

LEADER 00000nam a2200000Ia 4500
008 170316s9999 xx 000 0 und d
040 |a cru BVZT 
090 |a Tesis 445 
100 |a Barahona Novoa, José Alberto 
245 |a "Cuentos Judíos de mi Tierra": o el viaje interminable de la identidad versus la alteridad 
260 |a San José, Costa Rica 
260 |b Escuela de Filología, Lingüística y Literatura,Universidad de Costa Rica 
260 |c 1992 
300 |a 158 páginas 
650 |a LICENCIATURA EN FILOLOGÍA ESPAÑOLA 
650 |a TRABAJO FINAL DE GRADUACIÓN 
999 |c 14088  |d 14088 
942 |c TFG  |h Tesis 445  |2 z